000 00560nam a22001697a 4500
999 _c63987
_d63987
005 20260304170805.0
008 260304s2015 enk||||| |||| 00| 0 eng d
020 _a9781479884063x
041 _aeng
080 _a27/29(520)-055.2 A-46
100 _aAmbros, Barbara R.
_927047
245 _aWomen in Japanese Religions /
_cBarbara R. Ambros.
264 _aNew York :
_bNew York university Press,
_c2015.
300 _a238 p.:
_bill.
_c29 cm.
653 _aქალები იაპონურ რელიგიებში
942 _2udc
_cᲬᲘᲒᲜᲘ